00667cam a22002293a 450000100060000000300060000600500170001200800410002904000150007004200070008505000070009210000480009924500820014726000290022950600300025851600200028865300210030865300180032970000190034783000290036685600420039512151PGUSA20140828083245.0040401s2004||||xxu|||||s|||||000 | eng d aPGUSAbeng adc 4aPR1 aJacobs, W. W.q(William Wymark),d1863-194310aBack to Back :bNight Watches, Part 1.h[electronic resource] /cW. W. Jacobs bProject Gutenberg,c2004 aPublic domain in the USA. aElectronic text aHumorous stories aShort stories1 aDavis, Stanley 0aProject Gutenbergv1215140uhttp://www.gutenberg.org/ebooks/12151